| 000 | 00971nam0a2200301 4500 | ||
|---|---|---|---|
| 001 | RU\NLR\bibl\1847742 | ||
| 005 | 20260406042741.0 | ||
| 010 |
_a978-5-17-076217-0 _bАСТ |
||
| 010 |
_a978-5-271-38360-1 _bАстрель _95000 |
||
| 021 |
_aRU _b2011-93902 _96733 |
||
| 035 | _a(NLR Aleph) 001838160 | ||
| 090 |
_a2234730 _c2234730 |
||
| 100 | _a20111214d2011 |||y0rusy50 ca | ||
| 101 | 1 | _arus | |
| 102 | _aRU | ||
| 105 | _ay ||||||||| | ||
| 200 | 1 |
_aСладостная победа _e[роман] _fЭйна Ли _g[перевод с англ. А.Е. Мосейченко] |
|
| 210 |
_aМосква _cАСТ _cАстрель _d2011 |
||
| 215 |
_a316, [1] с. _d17 |
||
| 225 | 1 | _aМини Шарм | |
| 686 | _aШ6(7США)67-440.4{Лх1979-50} | ||
| 700 | 1 |
_4070 _8rus _7ca _aЛи _bЭ. _gЭйна _3RU\NLR\auth\772921 _9112928 |
|
| 801 | 0 |
_aRU _bNLR _c20111214 _gRCR |
|
| 801 | 1 |
_aRU _bNLR _c20111214 |
|
| 942 | _cBOOK | ||
| 980 | _aNB | ||
| 980 | _aNBR | ||